00538nam a22001817a 450000500170000001000150001702000280003203500130006003700130007308200120008610000210009824500750011925000160019426000390021027000640024930000240031350000190033720160920170145.0 aENG-116048 a139789352602605c650.00 aEN-99580 bDBAD/PUB a332.632 aPring, Martin J. aMartin pring's introduction to technical analysis/cby Martin J. Pring a2nd edition aNoidabMcGraw Hill Educationc2016 aB-4, Sector-63, Dist. Gautam Budh Nagar bNoida(up)e201301 a309 p. :c25cm(pbk) aIncludes index